Pays qui reçoivent le plus de pluie par an - Statistiques

Statistiques générales
  • Ce quiz a été pris 21 fois
  • Le résultat moyen est 3 sur 7
Statistiques - réponses
Hint Réponse % Correct
2 926 mm/an Costa Rica
63%
2 928 mm/an Panama
63%
2 875 mm/an Malaisie
58%
3 240 mm/an Colombie
47%
3 200 mm/an São Tomé-et-Príncipe
21%
3 028 mm/an Îles Salomon
16%
3 142 mm/an Papouasie-N.-Guinée
11%
Aucun quiz correspondant
Distribution des résultats
% des personnes avec chaque résultat
Percentile par nombre de réponses
Votre historique - résultats
Vous n’avez pas pris ce quiz